000 00692nam a2200205Ia 4500
008 090124s9999 xx 000 0 und d
020 _a81-7425-110-3
082 _b43073
100 _aलाला आर. एम.
245 _aSPARSHA THORVICHA स्पर्श थोरवीचा
250 _a1
260 _bउत्कर्ष प्रकाशन
_c2005
300 _a210
600 _aलाला आर. एम.
630 _aSPARSHA THORVICHA स्पर्श थोरवीचा
700 _aलाला आर. एम.
700 _aभागवत आनंद
730 _aSPARSHA THORVICHA स्पर्श थोरवीचा
942 _cBOOK
999 _c109280
_d109280